000 00362pam a2200157a 44500
008 230405s1995 xxu||||| |||| 00| 0 eng d
041 _aENG
100 _aF.L.LOBO
245 _aGETTING THINGS DONE
250 _a1995
260 _aNULL
_bHIMALAYA PUBLICATION
_c1995
300 _a285
650 _aCOMMUNICATION MANAGEMENT
690 _aMBA
906 _a542
999 _c281353
_d281353